Nazwij utwór Taco Hemingwaya na każdą literę alfabetu - Statystyki

Ogólne statystyki
  • Ten quiz został rozwiązany 47 razy
  • Średni wynik to 17 z 23
Statystyki odpowiedzi
Litera Liczba utworów zaczynających się daną literą Tytuły % Poprawnych
C 7 Chodź | Cafe Belga | Czarna kawa czeka | Człowiek z dziurą zamiast krtani | Całe lata | Codziennie | Cichosza
92%
F 4 Fiji | 4 AM in Girona | Frascati | Fotomodelki
92%
D 5 900729 | Deszcz na betonie | Dele | 2031 | Dwuzłotówki Dancing
89%
B 5 Białkoholicy | BXL | Bakayoko | Big Pharma | Bez stresu
89%
M 12 Marsz, marsz | Mięso | Marmur | Mgła I (Siwe włosy) | Mgła II (Mówisz masz) | Motorola | Modigliani | Michael Essien Birthday Party | Main Stage Freestyle | Makarena Freestyle | Mix Sałat | Może to coś zmieni?
86%
N 8 Następna stacja | Nostalgia | 1990s Utopia | Nie mam czasu | Na Paryskie Getto Pada Deszcz | Nie ufam sobie sam | Niedziela | Nametag
86%
A 7 A mówiłem ci | Awizo | Abonent jest czasowo niedostępny | Adieu | Anja | Antysmogowa maska w moim carry-on baggage | Alert RCB
83%
P 12 Przerywnik | +4822 | 515 | Pokedex | POL Smoke | Polskie Tango | Panie, to Wyście! | Pieniądz i Terror | Pireneje | Pakiet Platinium | Plac Trzech Krzyży | Pustoszeją Sale Kinowe
83%
S 8 Szlugi i Kalafiory | 100 kmh | 6 zer | Szczerze | Saldo '07 | Sanatorium | Szczękościsk | Sztylet
83%
T 10 Trójkąt | Tsunami Blond | To by było na tyle | Tlen | 35 | Tijuana | Toskania Outro | 1000 Dni Freestyle | Tramwaje | Trzykropki
83%
W 11 Wszystko Jedno | Wosk | Wiatr | Witaj w Hotelu Marmur | Wszystko na niby | W piątki leżę w wannie | WWA VHS | Wytrawne (z nutą desperacji) | Wujek dobra rada | W.N.P | WWA nie Berlin
81%
G 4 Grubo-chude psy | Głupi byt | Grand Prix | Gelato
75%
K 4 Koła | Krwawa jesień | Karimata (mute) | Kabriolety
75%
Ś 4 Świat jest WFem | Świecące prostokąty | Ślepe sumy | Ściany mają uszy
75%
I 3 I.S.W.T| Italodisco | Influenza
72%
L 3 Leci nowy Future | Luxembourg | Latarnie wszędzie dawno zgasły
72%
O 4 Od zera | Ortalion | Ostatni? | Odtrutka
72%
Ż 2 Żywot | Żyrandol
69%
R 2 Reżyseria:Kubrick | Ratunku
64%
E 2 Europa | EINECEIWŚO 008-1
61%
Z 2 ZTM | Zakochałem się pod apteką
58%
Ł 3 Łańcuch I: Kiosk | Łańcuch II: Korek | Łańcuch III: Korpo
56%
J 1 1-800 Oświecenie
31%
Nie znaleziono quizów pasujących do podanych kryteriów
Rozkład punktacji
Procent ludzi z każdym wynikiem
Percentyl według liczby udzielonych odpowiedzi
Twoja historia wyników
Nie rozwiązałeś tego quizu